| 000 | 00689nam a2200289Ia 4500 | ||
|---|---|---|---|
| 001 | Z_4204 | ||
| 003 | CHAP | ||
| 008 | 220113s1977 xx 000 0 und d | ||
| 010 | _a167267 | ||
| 040 | _cCHAP | ||
| 082 | _a631.41 C3 | ||
| 100 |
_aCajuste, Lenom J _917256 |
||
| 245 |
_aQuímica de suelos con un enfoque agrícola / _cpor Lenom J Cajuste |
||
| 260 |
_aChapingo, Méx. : _bColegio de Postgraduados, _c1977 |
||
| 300 | _a278 p. | ||
| 440 | _a | ||
| 500 | _a | ||
| 503 | _a | ||
| 650 |
_aQuímica agrícola _993576 |
||
| 650 |
_aSuelos _xQuímica de _9110470 |
||
| 901 | _a631.41 C3 | ||
| 902 | _aA | ||
| 910 | _a1977 | ||
| 942 | _c1 | ||
| 942 | _cc1 | ||
| 999 |
_c167267 _d167267 |
||